000 00301nam a22001217a 4500
008 230629b xxu||||| |||| 00| 0 eng d
082 _a338.9
_bROS 2006
245 _aEconomics and Politics
260 _bBlackwell Publishing Ltd
_c2006
300 _a235p
440 _x09541985
_n2
_v18
942 _2ddc
_cBK
999 _c3019
_d3019